Nielen separovať

Recyklačný fond a opodstatnenosť jeho existencie. Jeho činnosť za šesť rokov svojej existencie. Úloha Recyklačného fondu - činnosť, príjmy, podpora. Legislatíva. Spolupráca fondu s Ministerstvom životného prostredia. Čo čaká Recyklačný fond v roku 2008 a nasledujúcich rokoch.

Gespeichert in:
Bibliographische Detailangaben
1. Verfasser: Hübel, Jozef
Format: Buchkapitel
Sprache:Slowakisch
Schlagworte:
Tags: Tag hinzufügen
Keine Tags, Fügen Sie das erste Tag hinzu!

MARC

LEADER 00000naa$a2200000$$$4500
001 0073293
005 20231009110843.5
041 0 |a slo 
044 |a SK 
245 1 0 |a Nielen separovať  |c Jozef Hübel 
520 |a Recyklačný fond a opodstatnenosť jeho existencie. Jeho činnosť za šesť rokov svojej existencie. Úloha Recyklačného fondu - činnosť, príjmy, podpora. Legislatíva. Spolupráca fondu s Ministerstvom životného prostredia. Čo čaká Recyklačný fond v roku 2008 a nasledujúcich rokoch. 
610 2 0 |a odpad 
610 2 0 |a recyklácia odpadu 
610 2 0 |a spracovanie odpadu 
610 2 0 |a legislatíva 
610 2 0 |a Slovensko 
100 1 |a Hübel, Jozef